000 01144nam a22002777a 4500
005 20170706110422.0
010 _a1617EN ENG-116819
020 _a9789384082673
_c320.00
035 _aB-651213-221
035 _aB-664683
035 _aEN-100351
037 _bBSB
_adpl
082 _a954.02
100 _aChakravarti, Ranabir
245 _aExploring early India upto c.AD1300 /
_cby Ranabir Chakravarti
250 _a3rd ed.
260 _aDelhi
_bPrimus Books.
_c2016
270 _aVirat Bhawan, Mukhrjee Nagar Commercial Complex.
_bDelhi
_e110009
300 _axxiv,491p.
_b24cm(pbk)
500 _aIncludes bibliographical references and index
650 _aFolk literature, Marathi
_vTranslations into English.
650 _aDhangar (Indic people)
_vFolklore.
942 _2ddc
_cEN
_h954.02
_mCHA
999 _c102304
_d102304